Antidépresseurs - Statistiques

Statistiques générales
  • Ce quiz a été pris 20 fois
  • Le résultat moyen est 6 sur 46
Statistiques - réponses
Indices Réponses % Correct
DCI 3 Sertraline
72%
DCI 1 Fluoxétine
67%
DCI 2 Paroxétine
67%
Spécialité 1 Prozac
56%
Spécialité 8 Effexor
39%
DCI 8 Venlafaxine
39%
Spécialité 3 Zoloft
33%
DCI 7 Duloxétine
28%
DCI 5 Escitalopram
28%
DCI 20 Mirtazapine
28%
DCI 21 Miansérine
22%
DCI 4 Citalopram
11%
DCI 12 Clomipramine
11%
Spécialité 10 Laroxyl
11%
Spécialité 5 Seroplex
11%
DCI 10 Amitryptiline
6%
DCI 11 Amoxapine
6%
Spécialité 12 Anafranil
6%
Spécialité 7 Cymbalta
6%
Spécialité 2 Deroxat
6%
DCI 19 Iproniazide
6%
DCI 18 Moclobémide
6%
Spécialité 20 Norset
6%
Spécialité 2 Paxil
6%
Spécialité 11 Défanyl
0%
Spécialité 2 Divarius
0%
DCI 13 Dosulépine
0%
DCI 14 Doxépine
0%
Spécialité 10 Elavil
0%
Spécialité 6 Floxyfral
0%
DCI 6 Fluvoxamine
0%
DCI 15 Imipramine
0%
Spécialité 9 Ixel
0%
Spécialité 16 Ludiomil
0%
DCI 16 Maprotiline
0%
Spécialité 19 Marsilid
0%
DCI 9 Milnacipran
0%
Spécialité 18 Moclamine
0%
Spécialité 13 Prothiaden
0%
Spécialité 14 Quitaxon
0%
Spécialité 4 Seropram
0%
Spécialité 22 Stablon
0%
Spécialité 17 Surmontil
0%
DCI 22 Tianeptine
0%
Spécialité 15 Tofranil
0%
DCI 17 Trimipramine
0%
Aucun quiz correspondant
Distribution des résultats
% des personnes avec chaque résultat
Percentile par nombre de réponses
Votre historique - résultats
Vous n’avez pas pris ce quiz